Selected food verticals and their impact on prices of food products
Analýza trhu potravín riešená na úrovni štruktúry spotrebiteľských cien prostredníctvom identifikácie výšky marží vo vybraných vertikálach potravín a analýza spotrebiteľského správania sa v súvislosti so zmenami cien a príjmovej úrovne obyvateľstva. Faktory, ktoré tiež môžu vplývať na súčasný nárast...
Salvato in:
| Autore principale: | |
|---|---|
| Natura: | Capitolo di libro |
| Lingua: | inglese |
| Soggetti: | |
| Tags: |
Nessun Tag, puoi essere il primo ad aggiungerne!!
|
MARC
| LEADER | 00000naa$a2200000$$$4500 | ||
|---|---|---|---|
| 001 | 0093568 | ||
| 005 | 20231129064956.2 | ||
| 041 | 0 | |a eng | |
| 044 | |a CZ | ||
| 245 | 1 | 0 | |a Selected food verticals and their impact on prices of food products |c Slávka Krížová |
| 520 | |a Analýza trhu potravín riešená na úrovni štruktúry spotrebiteľských cien prostredníctvom identifikácie výšky marží vo vybraných vertikálach potravín a analýza spotrebiteľského správania sa v súvislosti so zmenami cien a príjmovej úrovne obyvateľstva. Faktory, ktoré tiež môžu vplývať na súčasný nárast cien potravín v SR i celkovo vo svete a následné priblíženie cenových úrovní potravín v SR krajinám Európskej únie, s ktorými sú vzájomne komparované. | ||
| 610 | 2 | 0 | |a ceny |
| 610 | 2 | 0 | |a výrobky |
| 610 | 2 | 0 | |a potraviny |
| 610 | 2 | 0 | |a výdavky |
| 610 | 2 | 0 | |a správanie spotrebiteľa |
| 610 | 2 | 0 | |a príjmy obyvateľstva |
| 610 | 2 | 0 | |a Slovensko |
| 610 | 2 | 0 | |a Európska únia |
| 100 | 1 | |a Krížová, Slávka | |